Punt informació jove [Objecte] : formació, associacionisme, viatges, oci i cultura, activitats municipals... i molt més formació, associacionisme, viatges, oci i cultura, activitats municipals... i molt més

Descripció física: 1 bloc de notes ; 10 x 15 cm

MARC

LEADER 00000nam a2200000Ia 4500
001 21082
008 160829s2007 xx 000 0 cat d
080 |a NBM-2-6 
245 |a Punt informació jove [Objecte] :  |b  formació, associacionisme, viatges, oci i cultura, activitats municipals... i molt més 
260 |a Barcelona :  |b Diputació de Barcelona. [Àrea d'Igualtat i Ciutadania. Oficina del Pla Jove],  |c 2007 
300 |a 1 bloc de notes ;  |c 10 x 15 cm 
710 1 |a Barcelona (Catalunya : Província).  |b Oficina del Pla Jove  |9 52707 
901 |a Arxiu 
942 |n 1 
952 |0 0  |1 0  |4 0  |6 NBM26  |7 1  |9 51173  |a Arxiu  |b Arxiu  |d 2016-12-01  |l 0  |o NBM-2-6  |p 21082  |r 2016-12-01 00:00:00  |w 2016-12-01  |y ARXIU 
999 |c 55016  |d 55016